Statistiken für Ergebnisdiagramm der Fußball-Weltmeisterschaft 2014

Klicken Sie hier um das Quiz zu spielen!

Allgemein

  • Dieses Quiz wurde 253 mal gespielt
  • Das Durchschnittsergebnis liegt bei 24 aus 32

Antworten auf der Karte

Die Antworten werden auf der Karte rot bzw. grün angezeigt, abhängig davon wie oft sie richtig erraten wurden.
Laden ...
 

Antwortstatistiken

Nation% Korrekt
Argentinien
100%
Brasilien
100%
Deutschland
99%
Niederlande
98%
Frankreich
97%
Spanien
96%
Portugal
94%
Italien
92%
USA
91%
Ghana
88%
Kolumbien
87%
England
85%
Belgien
84%
Japan
84%
Algerien
81%
Chile
78%
Schweiz
78%
Uruguay
77%
Australien
77%
Costa Rica
77%
Mexiko
75%
Südkorea
75%
Kroatien
73%
Russland
71%
Nigeria
64%
Kamerun
60%
Griechenland
52%
Iran
49%
Elfenbeinküste
48%
Honduras
45%
Ecuador
36%
Bosnien und Herzegowina
35%

Verteilung der Resultate

Perzentil nach korrekt beantworteten Fragen

Anzahl Personen mit jedem Resultat

Ihre Resultats-Entwicklung

Sie haben dieses Quiz noch nicht gespielt